Регионална библиотека "Любен Каравелов" - Русе

Н. Коперник. Его жизнь и научная деятельность (Запис номер 390459)

MARC детайли
000 -Лидер
Контролно поле с фиксирана дължина 01535nam a22003137a 4500
003 - Код на организацията, давaща контролен номер
Контролно поле BLK
005 - Дата и час на последна редакция
Контролно поле 20230727090717.0
008 - Елементи от данни с фиксирана дължина
fixed length control field 180423b bul||||| |||| 00| 0 bul d
040 ## - Източник на каталожния запис
Идентификатор на билиотеката - собственик на записа BLK
041 ## - Код за език
Код за езика на текст/звукозапис или на отделно заглавие Руски
Код за езика КДБФ Руски
080 ## - УДК
Текстов определител УДК Астрономия. Астрофизика. Космология. Геодезия
УДК код - определител по УДК 52
УДК определител (092)
УДК - код + определител 52(092)
080 ## - УДК
Текстов определител УДК Полски астроном, лекар, юрист и богослов
УДК код - определител по УДК 929 Коперник, Николай
УДК - код + определител 929 Коперник, Николай
100 ## - Редна дума - Автор
Автор Энгельгардт, Михаил Александрович
Авторска отговорност първи автор
R(LIN) 463644
139 ## - Редно поле
Редна дума Энгельгардт М. А.
245 ## - Сведения за заглавието
Заглавие Н. Коперник. Его жизнь и научная деятельность
Подзаглавни данни Биогр. очерк
Редно поле (дума) М. А. Энгельгардт
260 ## - Област на издателските данни
9 (RLIN) 219207
Място на издаване, разпространение и проч. С.-Петербург
Име на издателя, разпространителя и проч. типогр. И. Н. Скороходова
Година на издаване 1892
300 ## - Физическа характеристика
Страници 69 с.,
Илюстрации и др. 1 л. портр.
Размери/Мащаб 18 см
380 ## - Жанр
Жанр Естествени науки. Математика
490 ## - СЕРИИ (Колекции)
9 (RLIN) 202490
Име на серия Жизнь замечательных людей
490 ## - СЕРИИ (Колекции)
9 (RLIN) 202489
Име на серия Биографическая библиотека Флорентия Павленкова
490 ## - СЕРИИ (Колекции)
9 (RLIN) 435080
Име на серия Колекция Редки и ценни издания
504 ## - Забележка за наличие на библиография и др
Забележка за наличие на библиография и под. Библиогр.: с. 4
600 14 - Име на лице, използвано като предмет
9 (RLIN) 222096
За него / За нея Коперник, Николай
653 #7 - Ключова дума – ненормативна
9 (RLIN) 181990
Ключова дума биографии
852 ## - Местоположение
Форматна сигнатура Рр 892
Фондова буква Редки и ценни
999 ## - СИСТЕМНИ КОНТРОЛНИ НОМЕРА
Koha biblionumber 390459
Koha biblioitemnumber 390459
942 ## - АРТИКУЛИ
Вид на библиотечния материал Книги
Скрит в OPAC Не
Периодичен библиозапис Да
944 ## - СЪЗДАВАНЕ И РЕДАКЦИЯ на ЗАПИСА
Създаване/Редакция Създаване
Дата на регистрацията/редакция 2020-10-22
Служител, извършил регистрацията/редакцията 30529
Статус, дата на статуса Диана Гривева
999 ## - СИСТЕМНИ КОНТРОЛНИ НОМЕРА
Koha biblioitemnumber 322592
Наличности
Код за отписване Код за изгубен артикул Източник на класификационната схема Код за повреда Коз за рестрикции Код за отдаване Артикулен № Име на библиотеката - собственик Име на библиотеката, в която се намира в момента Статус (Текущо местоположение) Дата на вписване в системата Местоположение - отдел Цена в лева Инвентарен номер Систематично азбучна сигнатура Баркод Цена в евро Служебен тип на артикула
  Не е изгубен Universal Decimal Classification Не е повреден само за читалня Специални фондове ( старопечатни, редки и ценни, фонд М. Арнаудов) 803933 Регионална библиотека "Любен Каравелов" Русе Регионална библиотека "Любен Каравелов" Русе Редки и ценни 2020-10-26 Редки и ценни 0.14 11378/58 Рр 892 900000036828 0.07 Книги
  Не е изгубен Universal Decimal Classification Не е повреден само за читалня Специални фондове ( старопечатни, редки и ценни, фонд М. Арнаудов) 803934 Регионална библиотека "Любен Каравелов" Русе Регионална библиотека "Любен Каравелов" Русе Редки и ценни 2020-10-26 Редки и ценни 0.06 17131 Рр 892 900000036827 0.03 Книги
Vip Innovations Ltd, Rousse, Bulgaria 2025